[Event "Deutsche Ländermeisterschaft 2025"]
[Site "Oer-Erkenschwick GER"]
[Date "2025.10.02"]
[Round "3"]
[White "Vasilieva, Sophie Victoria"]
[Black "Huang, Flora Yueya"]
[Result "0-1"]
[Termination "normal"]
[Board "3.8"]
[WhiteElo "1488"]
[BlackElo "1750"]
[WhiteClock "00:08:37"]
[BlackClock "01:21:22"]
[WhiteTeam "Schleswig-Holstein"]
[BlackTeam "Hessen"]
[PlyCount "146"]
[WhiteFideId "533007071"]
[BlackFideId "533015651"]
[EventCountry "GER"]
[EventRounds "7"]
[EventType "team-swiss"]
[EventDate "2025.09.30"]

1. d4 {[%clk 01:30:57]} {[%emt 00:00:02]} d5 {[%clk 01:30:55]} {[%emt
00:00:05]} 2. c4 {[%clk 01:31:15]} {[%emt 00:00:11]} e6 {[%clk 01:31:20]}
{[%emt 00:00:06]} 3. Nc3 {[%clk 01:31:28]} {[%emt 00:00:16]} c6 {[%clk
01:31:44]} {[%emt 00:00:07]} 4. Nf3 {[%clk 01:31:33]} {[%emt 00:00:25]} dxc4
{[%clk 01:32:06]} {[%emt 00:00:07]} 5. e3 {[%clk 01:31:20]} {[%emt 00:00:42]}
b5 {[%clk 01:32:30]} {[%emt 00:00:06]} 6. a4 {[%clk 01:28:00]} {[%emt
00:03:50]} Bb4 {[%clk 01:32:54]} {[%emt 00:00:07]} 7. g3 {[%clk 01:26:36]}
{[%emt 00:01:54]} Nf6 {[%clk 01:33:06]} {[%emt 00:00:18]} 8. Bg2 {[%clk
01:26:13]} {[%emt 00:00:52]} Bb7 {[%clk 01:33:05]} {[%emt 00:00:31]} 9. O-O
{[%clk 01:16:29]} {[%emt 00:10:14]} a6 {[%clk 01:31:58]} {[%emt 00:01:37]} 10.
Ne5 {[%clk 01:15:33]} {[%emt 00:01:25]} Bxc3 {[%clk 01:31:36]} {[%emt
00:00:53]} 11. bxc3 {[%clk 01:15:44]} {[%emt 00:00:18]} Nd5 {[%clk 01:30:57]}
{[%emt 00:01:09]} 12. Qc2 {[%clk 01:11:22]} {[%emt 00:04:46]} Nd7 {[%clk
01:30:53]} {[%emt 00:00:41]} 13. Nxd7 {[%clk 01:02:33]} {[%emt 00:09:20]} Qxd7
{[%clk 01:30:49]} {[%emt 00:00:33]} 14. e4 {[%clk 00:55:41]} {[%emt 00:07:23]}
Ne7 {[%clk 01:29:54]} {[%emt 00:01:26]} 15. Ba3 {[%clk 00:47:34]} {[%emt
00:08:36]} O-O {[%clk 01:26:30]} {[%emt 00:03:54]} 16. Bxe7 {[%clk 00:41:22]}
{[%emt 00:06:43]} Qxe7 {[%clk 01:26:48]} {[%emt 00:00:12]} 17. Rab1 {[%clk
00:32:15]} {[%emt 00:09:36]} Rfd8 {[%clk 01:25:27]} {[%emt 00:01:51]} 18. Rfd1
{[%clk 00:25:37]} {[%emt 00:07:08]} Qe8 {[%clk 01:23:13]} {[%emt 00:02:45]} 19.
Rd2 {[%clk 00:19:42]} {[%emt 00:06:21]} Rd6 {[%clk 01:21:17]} {[%emt 00:02:22]}
20. e5 {[%clk 00:17:38]} {[%emt 00:02:41]} Rd7 {[%clk 01:21:08]} {[%emt
00:00:38]} 21. Qd1 {[%clk 00:12:30]} {[%emt 00:05:37]} Rad8 {[%clk 01:20:02]}
{[%emt 00:01:36]} 22. Ra1 {[%clk 00:10:29]} {[%emt 00:02:32]} Ra8 {[%clk
01:19:31]} {[%emt 00:01:02]} 23. Qh5 {[%clk 00:08:53]} {[%emt 00:02:05]} Qe7
{[%clk 01:15:45]} {[%emt 00:04:17]} 24. Be4 {[%clk 00:07:40]} {[%emt 00:01:43]}
g6 {[%clk 01:15:38]} {[%emt 00:00:38]} 25. Qh6 {[%clk 00:07:14]} {[%emt
00:00:51]} Qf8 {[%clk 01:14:52]} {[%emt 00:01:21]} 26. Qe3 {[%clk 00:05:23]}
{[%emt 00:02:19]} a5 {[%clk 01:13:51]} {[%emt 00:01:33]} 27. axb5 {[%clk
00:03:53]} {[%emt 00:02:00]} cxb5 {[%clk 01:14:19]} {[%emt 00:00:03]} 28. Bxb7
{[%clk 00:04:04]} {[%emt 00:00:19]} Rxb7 {[%clk 01:14:44]} {[%emt 00:00:04]}
29. Qe4 {[%clk 00:04:06]} {[%emt 00:00:28]} Qc8 {[%clk 01:13:32]} {[%emt
00:01:42]} 30. Rda2 {[%clk 00:03:38]} {[%emt 00:00:59]} Rba7 {[%clk 01:12:47]}
{[%emt 00:01:15]} 31. Qb1 {[%clk 00:03:49]} {[%emt 00:00:18]} Qb7 {[%clk
01:12:46]} {[%emt 00:00:32]} 32. Rb2 {[%clk 00:03:47]} {[%emt 00:00:33]} Rb8
{[%clk 01:12:56]} {[%emt 00:00:19]} 33. Raa2 {[%clk 00:03:36]} {[%emt
00:00:40]} b4 {[%clk 01:12:38]} {[%emt 00:00:48]} 34. cxb4 {[%clk 00:03:28]}
{[%emt 00:00:38]} axb4 {[%clk 01:12:30]} {[%emt 00:00:38]} 35. Rxa7 {[%clk
00:02:57]} {[%emt 00:01:00]} Qxa7 {[%clk 01:12:55]} {[%emt 00:00:05]} 36. Rxb4
{[%clk 00:03:04]} {[%emt 00:00:23]} Rxb4 {[%clk 01:13:15]} {[%emt 00:00:10]}
37. Qxb4 {[%clk 00:03:25]} {[%emt 00:00:09]} Qxd4 {[%clk 01:13:30]} {[%emt
00:00:15]} 38. Qb8+ {[%clk 00:03:31]} {[%emt 00:00:24]} Kg7 {[%clk 01:13:55]}
{[%emt 00:00:05]} 39. Qd6 {[%clk 00:03:03]} {[%emt 00:00:57]} Qxd6 {[%clk
01:13:23]} {[%emt 00:01:03]} 40. exd6 {[%clk 00:03:27]} {[%emt 00:00:06]} Kf8
{[%clk 01:13:48]} {[%emt 00:00:05]} 41. Kf1 {[%clk 00:03:43]} {[%emt 00:00:14]}
Ke8 {[%clk 01:14:14]} {[%emt 00:00:04]} 42. Ke2 {[%clk 00:04:00]} {[%emt
00:00:14]} Kd7 {[%clk 01:14:34]} {[%emt 00:00:10]} 43. Ke3 {[%clk 00:04:21]}
{[%emt 00:00:09]} Kxd6 {[%clk 01:14:52]} {[%emt 00:00:11]} 44. Kd4 {[%clk
00:04:45]} {[%emt 00:00:05]} c3 {[%clk 01:15:15]} {[%emt 00:00:07]} 45. Kxc3
{[%clk 00:05:04]} {[%emt 00:00:12]} Ke5 {[%clk 01:15:40]} {[%emt 00:00:05]} 46.
Kd3 {[%clk 00:05:19]} {[%emt 00:00:15]} Kf5 {[%clk 01:14:18]} {[%emt 00:01:52]}
47. Ke3 {[%clk 00:05:32]} {[%emt 00:00:16]} e5 {[%clk 01:14:10]} {[%emt
00:00:37]} 48. h3 {[%clk 00:05:06]} {[%emt 00:00:57]} f6 {[%clk 01:14:17]}
{[%emt 00:00:23]} 49. Kf3 {[%clk 00:05:10]} {[%emt 00:00:25]} h5 {[%clk
01:14:20]} {[%emt 00:00:28]} 50. Kg2 {[%clk 00:04:06]} {[%emt 00:01:34]} Ke4
{[%clk 01:14:29]} {[%emt 00:00:20]} 51. Kf1 {[%clk 00:03:54]} {[%emt 00:00:41]}
Kf3 {[%clk 01:14:44]} {[%emt 00:00:17]} 52. Kg1 {[%clk 00:04:13]} {[%emt
00:00:10]} e4 {[%clk 01:14:57]} {[%emt 00:00:17]} 53. Kf1 {[%clk 00:03:41]}
{[%emt 00:01:02]} e3 {[%clk 01:15:23]} {[%emt 00:00:05]} 54. fxe3 {[%clk
00:04:03]} {[%emt 00:00:08]} Kxg3 {[%clk 01:15:50]} {[%emt 00:00:04]} 55. Ke2
{[%clk 00:04:23]} {[%emt 00:00:09]} Kxh3 {[%clk 01:16:15]} {[%emt 00:00:05]}
56. Kf3 {[%clk 00:04:42]} {[%emt 00:00:11]} g5 {[%clk 01:16:02]} {[%emt
00:00:43]} 57. Ke4 {[%clk 00:04:39]} {[%emt 00:00:33]} g4 {[%clk 01:16:19]}
{[%emt 00:00:13]} 58. Kf5 {[%clk 00:05:01]} {[%emt 00:00:08]} g3 {[%clk
01:16:45]} {[%emt 00:00:05]} 59. e4 {[%clk 00:05:20]} {[%emt 00:00:10]} g2
{[%clk 01:17:01]} {[%emt 00:00:14]} 60. Kxf6 {[%clk 00:05:43]} {[%emt
00:00:06]} g1=Q {[%clk 01:17:22]} {[%emt 00:00:09]} 61. e5 {[%clk 00:05:37]}
{[%emt 00:00:36]} Qg8 {[%clk 01:17:25]} {[%emt 00:00:27]} 62. e6 {[%clk
00:05:50]} {[%emt 00:00:18]} Qe8 {[%clk 01:17:47]} {[%emt 00:00:07]} 63. e7
{[%clk 00:06:06]} {[%emt 00:00:14]} Kg4 {[%clk 01:18:11]} {[%emt 00:00:07]} 64.
Ke6 {[%clk 00:06:20]} {[%emt 00:00:16]} h4 {[%clk 01:18:36]} {[%emt 00:00:05]}
65. Kf6 {[%clk 00:06:26]} {[%emt 00:00:23]} h3 {[%clk 01:19:02]} {[%emt
00:00:05]} 66. Ke6 {[%clk 00:06:53]} {[%emt 00:00:03]} h2 {[%clk 01:19:26]}
{[%emt 00:00:06]} 67. Kf6 {[%clk 00:07:11]} {[%emt 00:00:11]} h1=Q {[%clk
01:19:47]} {[%emt 00:00:09]} 68. Ke6 {[%clk 00:07:33]} {[%emt 00:00:08]} Qe1+
{[%clk 01:20:06]} {[%emt 00:00:11]} 69. Kd6 {[%clk 00:07:42]} {[%emt 00:00:21]}
Q8xe7+ {[%clk 01:20:29]} {[%emt 00:00:07]} 70. Kc6 {[%clk 00:07:50]} {[%emt
00:00:22]} Qd8 {[%clk 01:20:50]} {[%emt 00:00:09]} 71. Kb5 {[%clk 00:08:02]}
{[%emt 00:00:17]} Qc1 {[%clk 01:21:12]} {[%emt 00:00:09]} 72. Ka6 {[%clk
00:08:14]} {[%emt 00:00:17]} Qb8 {[%clk 01:21:22]} {[%emt 00:00:19]} 73. Ka5
{[%clk 00:08:37]} {[%emt 00:00:08]} Qa1# {[%emt 00:00:06]} 0-1

[Event "Deutsche Ländermeisterschaft 2025"]
[Site "Oer-Erkenschwick GER"]
[Date "2025.10.02"]
[Round "3"]
[White "Haubold, Sebastian"]
[Black "van Arendonk, Polle"]
[Result "1-0"]
[Termination "normal"]
[Board "4.1"]
[WhiteElo "2153"]
[BlackElo "2105"]
[WhiteClock "00:12:30"]
[BlackClock "00:01:28"]
[WhiteTeam "Sachsen-Anhalt"]
[BlackTeam "Stichts-Gooise Schaakbond"]
[PlyCount "73"]
[WhiteFideId "16259637"]
[BlackFideId "1072048"]
[EventCountry "GER"]
[EventRounds "7"]
[EventType "team-swiss"]
[EventDate "2025.09.30"]

1. e4 {[%clk 01:30:57]} {[%emt 00:00:02]} e5 {[%clk 01:30:57]} {[%emt
00:00:04]} 2. Nf3 {[%clk 01:31:23]} {[%emt 00:00:05]} Nc6 {[%clk 01:31:24]}
{[%emt 00:00:02]} 3. Bb5 {[%clk 01:31:48]} {[%emt 00:00:06]} a6 {[%clk
01:31:50]} {[%emt 00:00:04]} 4. Ba4 {[%clk 01:32:14]} {[%emt 00:00:04]} Nf6
{[%clk 01:32:06]} {[%emt 00:00:15]} 5. O-O {[%clk 01:32:26]} {[%emt 00:00:17]}
Be7 {[%clk 01:32:29]} {[%emt 00:00:06]} 6. Re1 {[%clk 01:32:54]} {[%emt
00:00:03]} b5 {[%clk 01:32:54]} {[%emt 00:00:05]} 7. Bb3 {[%clk 01:33:21]}
{[%emt 00:00:03]} d6 {[%clk 01:33:19]} {[%emt 00:00:05]} 8. a4 {[%clk
01:33:28]} {[%emt 00:00:20]} Bd7 {[%clk 01:33:23]} {[%emt 00:00:29]} 9. c3
{[%clk 01:30:15]} {[%emt 00:03:43]} O-O {[%clk 01:33:49]} {[%emt 00:00:04]} 10.
d3 {[%clk 01:25:24]} {[%emt 00:05:20]} h6 {[%clk 01:32:51]} {[%emt 00:01:29]}
11. Nbd2 {[%clk 01:21:40]} {[%emt 00:04:13]} Na5 {[%clk 01:28:08]} {[%emt
00:05:13]} 12. Bc2 {[%clk 01:21:52]} {[%emt 00:00:17]} c5 {[%clk 01:28:14]}
{[%emt 00:00:24]} 13. Nf1 {[%clk 01:20:56]} {[%emt 00:01:26]} Qb6 {[%clk
01:08:25]} {[%emt 00:20:19]} 14. Ne3 {[%clk 01:19:05]} {[%emt 00:02:21]} Rfe8
{[%clk 00:57:37]} {[%emt 00:11:18]} 15. Nh4 {[%clk 01:15:18]} {[%emt 00:04:14]}
Bf8 {[%clk 00:51:58]} {[%emt 00:06:12]} 16. Qf3 {[%clk 01:11:44]} {[%emt
00:04:01]} c4 {[%clk 00:48:56]} {[%emt 00:03:35]} 17. Nef5 {[%clk 01:01:01]}
{[%emt 00:11:12]} cxd3 {[%clk 00:44:23]} {[%emt 00:05:04]} 18. Bxd3 {[%clk
00:55:10]} {[%emt 00:06:20]} d5 {[%clk 00:27:51]} {[%emt 00:17:02]} 19. Be3
{[%clk 00:44:56]} {[%emt 00:10:43]} Qd8 {[%clk 00:27:52]} {[%emt 00:00:30]} 20.
Qg3 {[%clk 00:39:25]} {[%emt 00:06:02]} Kh7 {[%clk 00:19:07]} {[%emt 00:09:15]}
21. exd5 {[%clk 00:35:01]} {[%emt 00:04:53]} e4 {[%clk 00:16:34]} {[%emt
00:03:03]} 22. Be2 {[%clk 00:34:53]} {[%emt 00:00:37]} Nc4 {[%clk 00:07:03]}
{[%emt 00:10:01]} 23. axb5 {[%clk 00:20:16]} {[%emt 00:15:08]} Nxe3 {[%clk
00:06:28]} {[%emt 00:01:06]} 24. Nxe3 {[%clk 00:20:31]} {[%emt 00:00:14]} axb5
{[%clk 00:06:42]} {[%emt 00:00:16]} 25. Rxa8 {[%clk 00:19:32]} {[%emt
00:01:30]} Qxa8 {[%clk 00:07:10]} {[%emt 00:00:01]} 26. Qc7 {[%clk 00:18:55]}
{[%emt 00:01:04]} Qa2 {[%clk 00:04:43]} {[%emt 00:03:00]} 27. Bh5 {[%clk
00:13:53]} {[%emt 00:05:32]} g6 {[%clk 00:03:54]} {[%emt 00:01:20]} 28. Bg4
{[%clk 00:13:20]} {[%emt 00:01:02]} Rc8 {[%clk 00:01:03]} {[%emt 00:03:21]} 29.
Qf4 {[%clk 00:11:21]} {[%emt 00:02:28]} Nxg4 {[%clk 00:00:37]} {[%emt
00:00:58]} 30. Qxf7+ {[%clk 00:11:35]} {[%emt 00:00:16]} Bg7 {[%clk 00:00:59]}
{[%emt 00:00:08]} 31. Qxd7 {[%clk 00:10:34]} {[%emt 00:01:30]} Nxe3 {[%clk
00:00:55]} {[%emt 00:00:35]} 32. Qxc8 {[%clk 00:10:49]} {[%emt 00:00:14]} Nxd5
{[%clk 00:01:09]} {[%emt 00:00:17]} 33. Qe6 {[%clk 00:11:07]} {[%emt 00:00:10]}
Bf6 {[%clk 00:00:40]} {[%emt 00:01:01]} 34. Qf7+ {[%clk 00:11:30]} {[%emt
00:00:06]} Bg7 {[%clk 00:01:02]} {[%emt 00:00:09]} 35. Qxg6+ {[%clk 00:11:55]}
{[%emt 00:00:05]} Kh8 {[%clk 00:01:26]} {[%emt 00:00:05]} 36. Nf5 {[%clk
00:12:09]} {[%emt 00:00:16]} Qa7 {[%clk 00:01:28]} {[%emt 00:00:28]} 37. Qxg7+
{[%clk 00:12:30]} {[%emt 00:00:08]} 1-0

[Event "Deutsche Ländermeisterschaft 2025"]
[Site "Oer-Erkenschwick GER"]
[Date "2025.10.02"]
[Round "3"]
[White "Terlouw, Wouter"]
[Black "Belin, Anton"]
[Result "1/2-1/2"]
[Termination "normal"]
[Board "4.2"]
[WhiteTitle "CM"]
[WhiteElo "2102"]
[BlackElo "2124"]
[WhiteClock "00:20:03"]
[BlackClock "00:18:05"]
[WhiteTeam "Stichts-Gooise Schaakbond"]
[BlackTeam "Sachsen-Anhalt"]
[PlyCount "61"]
[WhiteFideId "1087401"]
[BlackFideId "34610952"]
[EventCountry "GER"]
[EventRounds "7"]
[EventType "team-swiss"]
[EventDate "2025.09.30"]

1. d4 {[%clk 01:30:55]} {[%emt 00:00:01]} d5 {[%clk 01:30:50]} {[%emt
00:00:13]} 2. c4 {[%clk 01:30:52]} {[%emt 00:00:33]} e6 {[%clk 01:30:57]}
{[%emt 00:00:23]} 3. Nc3 {[%clk 01:31:15]} {[%emt 00:00:07]} Nf6 {[%clk
01:30:55]} {[%emt 00:00:32]} 4. cxd5 {[%clk 01:31:38]} {[%emt 00:00:06]} exd5
{[%clk 01:30:37]} {[%emt 00:00:48]} 5. Bg5 {[%clk 01:31:59]} {[%emt 00:00:08]}
c6 {[%clk 01:28:47]} {[%emt 00:02:21]} 6. e3 {[%clk 01:32:23]} {[%emt
00:00:06]} h6 {[%clk 01:27:47]} {[%emt 00:01:30]} 7. Bh4 {[%clk 01:32:42]}
{[%emt 00:00:10]} Be7 {[%clk 01:26:08]} {[%emt 00:02:10]} 8. Bd3 {[%clk
01:33:05]} {[%emt 00:00:07]} O-O {[%clk 01:24:46]} {[%emt 00:01:52]} 9. Qc2
{[%clk 01:33:30]} {[%emt 00:00:05]} Re8 {[%clk 01:19:41]} {[%emt 00:05:35]} 10.
Nf3 {[%clk 01:32:41]} {[%emt 00:01:18]} Nbd7 {[%clk 01:18:28]} {[%emt
00:01:45]} 11. O-O {[%clk 01:32:55]} {[%emt 00:00:14]} Ne4 {[%clk 01:15:33]}
{[%emt 00:03:28]} 12. Bxe7 {[%clk 01:33:17]} {[%emt 00:00:08]} Qxe7 {[%clk
01:15:47]} {[%emt 00:00:16]} 13. Bxe4 {[%clk 01:33:42]} {[%emt 00:00:04]} dxe4
{[%clk 01:15:11]} {[%emt 00:01:07]} 14. Nd2 {[%clk 01:34:06]} {[%emt 00:00:05]}
Nf6 {[%clk 01:13:09]} {[%emt 00:02:33]} 15. Rab1 {[%clk 01:33:22]} {[%emt
00:01:14]} c5 {[%clk 01:03:16]} {[%emt 00:10:24]} 16. dxc5 {[%clk 01:07:59]}
{[%emt 00:25:52]} Qxc5 {[%clk 01:03:00]} {[%emt 00:00:47]} 17. Rbc1 {[%clk
01:03:26]} {[%emt 00:05:04]} b6 {[%clk 01:00:18]} {[%emt 00:03:11]} 18. Ne2
{[%clk 00:59:37]} {[%emt 00:04:18]} Qg5 {[%clk 00:41:11]} {[%emt 00:19:37]} 19.
Nf4 {[%clk 00:54:19]} {[%emt 00:05:48]} Bf5 {[%clk 00:33:57]} {[%emt 00:07:44]}
20. Nb3 {[%clk 00:46:21]} {[%emt 00:08:28]} Rad8 {[%clk 00:30:30]} {[%emt
00:03:56]} 21. Rfd1 {[%clk 00:42:24]} {[%emt 00:04:27]} Bg4 {[%clk 00:29:37]}
{[%emt 00:01:24]} 22. Rxd8 {[%clk 00:30:02]} {[%emt 00:12:51]} Rxd8 {[%clk
00:29:59]} {[%emt 00:00:09]} 23. Nd2 {[%clk 00:28:28]} {[%emt 00:02:04]} Qa5
{[%clk 00:28:29]} {[%emt 00:02:00]} 24. Nxe4 {[%clk 00:23:58]} {[%emt
00:05:00]} Nxe4 {[%clk 00:26:35]} {[%emt 00:02:25]} 25. Qxe4 {[%clk 00:24:17]}
{[%emt 00:00:10]} Qxa2 {[%clk 00:25:22]} {[%emt 00:01:43]} 26. h3 {[%clk
00:19:46]} {[%emt 00:05:01]} Be6 {[%clk 00:21:20]} {[%emt 00:04:32]} 27. Nxe6
{[%clk 00:19:16]} {[%emt 00:01:00]} Qxe6 {[%clk 00:20:15]} {[%emt 00:01:32]}
28. Qxe6 {[%clk 00:19:13]} {[%emt 00:00:36]} fxe6 {[%clk 00:20:40]} {[%emt
00:00:05]} 29. Rc7 {[%clk 00:19:22]} {[%emt 00:00:21]} Rd1+ {[%clk 00:17:45]}
{[%emt 00:03:25]} 30. Kh2 {[%clk 00:19:41]} {[%emt 00:00:10]} Rd2 {[%clk
00:18:05]} {[%emt 00:00:10]} 31. Rxa7 {[%clk 00:20:03]} {[%emt 00:00:08]}
1/2-1/2

[Event "Deutsche Ländermeisterschaft 2025"]
[Site "Oer-Erkenschwick GER"]
[Date "2025.10.02"]
[Round "3"]
[White "Nönnig, Jakob"]
[Black "den Heijer, Rolinde"]
[Result "1-0"]
[Termination "normal"]
[Board "4.3"]
[WhiteElo "2129"]
[BlackElo "2065"]
[WhiteClock "00:16:30"]
[BlackClock "00:02:01"]
[WhiteTeam "Sachsen-Anhalt"]
[BlackTeam "Stichts-Gooise Schaakbond"]
[PlyCount "103"]
[WhiteFideId "16289447"]
[BlackFideId "1068300"]
[EventCountry "GER"]
[EventRounds "7"]
[EventType "team-swiss"]
[EventDate "2025.09.30"]

1. e4 {[%clk 01:30:59]} c5 {[%clk 01:30:56]} {[%emt 00:00:05]} 2. Nf3 {[%clk
01:31:09]} {[%emt 00:00:19]} d6 {[%clk 01:31:20]} {[%emt 00:00:06]} 3. d4
{[%clk 01:31:34]} {[%emt 00:00:06]} cxd4 {[%clk 01:31:45]} {[%emt 00:00:04]} 4.
Nxd4 {[%clk 01:31:58]} {[%emt 00:00:06]} Nf6 {[%clk 01:32:10]} {[%emt
00:00:06]} 5. Nc3 {[%clk 01:32:22]} {[%emt 00:00:06]} a6 {[%clk 01:32:35]}
{[%emt 00:00:05]} 6. h3 {[%clk 01:32:15]} {[%emt 00:00:37]} e5 {[%clk
01:32:50]} {[%emt 00:00:14]} 7. Nb3 {[%clk 01:32:40]} {[%emt 00:00:05]} Be6
{[%clk 01:28:55]} {[%emt 00:04:25]} 8. Be3 {[%clk 01:32:45]} {[%emt 00:00:26]}
Nbd7 {[%clk 01:28:10]} {[%emt 00:01:15]} 9. g4 {[%clk 01:31:37]} {[%emt
00:01:39]} h6 {[%clk 01:26:29]} {[%emt 00:02:11]} 10. Qf3 {[%clk 01:23:54]}
{[%emt 00:08:12]} Rc8 {[%clk 01:22:42]} {[%emt 00:04:16]} 11. O-O-O {[%clk
01:18:00]} {[%emt 00:06:25]} Rxc3 {[%clk 01:15:32]} {[%emt 00:07:40]} 12. bxc3
{[%clk 01:18:16]} {[%emt 00:00:14]} Qc7 {[%clk 01:12:35]} {[%emt 00:03:28]} 13.
g5 {[%clk 01:03:05]} {[%emt 00:15:41]} hxg5 {[%clk 01:01:21]} {[%emt 00:11:44]}
14. Bxg5 {[%clk 01:03:22]} {[%emt 00:00:12]} d5 {[%clk 00:41:42]} {[%emt
00:20:09]} 15. exd5 {[%clk 00:47:51]} {[%emt 00:16:01]} e4 {[%clk 00:38:48]}
{[%emt 00:03:24]} 16. Qg3 {[%clk 00:44:35]} {[%emt 00:03:47]} Qxg3 {[%clk
00:25:48]} {[%emt 00:13:30]} 17. fxg3 {[%clk 00:45:01]} {[%emt 00:00:03]} Nxd5
{[%clk 00:25:57]} {[%emt 00:00:20]} 18. Kb2 {[%clk 00:27:05]} {[%emt 00:18:27]}
f6 {[%clk 00:16:59]} {[%emt 00:09:28]} 19. Bc1 {[%clk 00:26:46]} {[%emt
00:00:48]} N7b6 {[%clk 00:16:27]} {[%emt 00:01:02]} 20. Rd4 {[%clk 00:16:02]}
{[%emt 00:11:14]} f5 {[%clk 00:13:16]} {[%emt 00:03:41]} 21. a4 {[%clk
00:15:36]} {[%emt 00:00:55]} g6 {[%clk 00:10:10]} {[%emt 00:03:37]} 22. a5
{[%clk 00:15:49]} {[%emt 00:00:17]} Nd7 {[%clk 00:08:20]} {[%emt 00:02:20]} 23.
Bc4 {[%clk 00:15:34]} {[%emt 00:00:45]} Nc7 {[%clk 00:07:11]} {[%emt 00:01:39]}
24. Rhd1 {[%clk 00:13:38]} {[%emt 00:02:25]} Ne5 {[%clk 00:05:48]} {[%emt
00:01:53]} 25. Rd8+ {[%clk 00:13:34]} {[%emt 00:00:34]} Kf7 {[%clk 00:05:39]}
{[%emt 00:00:39]} 26. R8d7+ {[%clk 00:08:34]} {[%emt 00:05:29]} Kf6 {[%clk
00:03:45]} {[%emt 00:02:24]} 27. Bxe6 {[%clk 00:06:36]} {[%emt 00:02:29]} Nxe6
{[%clk 00:04:10]} {[%emt 00:00:05]} 28. Rxb7 {[%clk 00:06:38]} {[%emt
00:00:27]} Rxh3 {[%clk 00:04:08]} {[%emt 00:00:32]} 29. Nd4 {[%clk 00:04:32]}
{[%emt 00:02:37]} Nc4+ {[%clk 00:03:15]} {[%emt 00:01:23]} 30. Ka2 {[%clk
00:04:03]} {[%emt 00:00:58]} Rxg3 {[%clk 00:03:10]} {[%emt 00:00:37]} 31. Nxe6
{[%clk 00:01:05]} {[%emt 00:03:27]} Kxe6 {[%clk 00:03:33]} {[%emt 00:00:07]}
32. Rb6+ {[%clk 00:00:34]} {[%emt 00:01:01]} Ke5 {[%clk 00:00:42]} {[%emt
00:03:21]} 33. Rd8 {[%clk 00:00:34]} {[%emt 00:00:30]} Bc5 {[%clk 00:00:40]}
{[%emt 00:00:32]} 34. Rc6 {[%clk 00:00:44]} {[%emt 00:00:20]} Be3 {[%clk
00:00:41]} {[%emt 00:00:29]} 35. Bb2 {[%clk 00:00:32]} {[%emt 00:00:42]} Nxb2
{[%clk 00:00:42]} {[%emt 00:00:29]} 36. Kxb2 {[%clk 00:01:00]} {[%emt
00:00:02]} Bf2 {[%clk 00:00:56]} {[%emt 00:00:16]} 37. Rxa6 {[%clk 00:01:10]}
{[%emt 00:00:20]} Kf4 {[%clk 00:01:01]} {[%emt 00:00:25]} 38. Re6 {[%clk
00:01:07]} {[%emt 00:00:33]} Rh3 {[%clk 00:00:51]} {[%emt 00:00:41]} 39. Rxg6
{[%clk 00:01:23]} {[%emt 00:00:13]} e3 {[%clk 00:00:55]} {[%emt 00:00:26]} 40.
Re8 {[%clk 00:01:40]} {[%emt 00:00:12]} Kf3 {[%clk 00:00:59]} {[%emt 00:00:26]}
41. Rge6 {[%clk 00:00:46]} {[%emt 00:01:24]} Rh7 {[%clk 00:25:57]} {[%emt
00:05:33]} 42. c4 {[%clk 00:23:30]} {[%emt 00:07:47]} f4 {[%clk 00:18:53]}
{[%emt 00:07:33]} 43. c5 {[%clk 00:22:03]} {[%emt 00:01:57]} Kg4 {[%clk
00:08:07]} {[%emt 00:11:16]} 44. c6 {[%clk 00:14:31]} {[%emt 00:08:02]} f3
{[%clk 00:03:02]} {[%emt 00:05:35]} 45. R6e7 {[%clk 00:13:56]} {[%emt
00:01:05]} Rxe7 {[%clk 00:03:13]} {[%emt 00:00:19]} 46. Rxe7 {[%clk 00:14:24]}
{[%emt 00:00:02]} Bg3 {[%clk 00:03:10]} {[%emt 00:00:32]} 47. Re4+ {[%clk
00:14:45]} {[%emt 00:00:09]} Bf4 {[%clk 00:02:40]} {[%emt 00:01:00]} 48. c7
{[%clk 00:15:10]} {[%emt 00:00:06]} f2 {[%clk 00:02:46]} {[%emt 00:00:23]} 49.
c8=Q+ {[%clk 00:15:29]} {[%emt 00:00:11]} Kg3 {[%clk 00:02:38]} {[%emt
00:00:38]} 50. Qg8+ {[%clk 00:15:36]} {[%emt 00:00:23]} Kf3 {[%clk 00:01:54]}
{[%emt 00:01:15]} 51. Rxf4+ {[%clk 00:16:05]} {[%emt 00:00:02]} Kxf4 {[%clk
00:02:01]} {[%emt 00:00:23]} 52. Qg2 {[%clk 00:16:30]} {[%emt 00:00:04]} 1-0